| 000 | 00000nam##2200000za#4500 |
| 001 | 9.631887 |
| 003 | CaOODSP |
| 005 | 20210624214536 |
| 007 | cr ||||||||||| |
| 008 | 150407|2005||||xxc|||||o f|0| 0 fre|d |
| 020 | |a0-662-79633-0 |
| 040 | |aCaOODSP|bfre |
| 043 | |an-cn--- |
| 086 | 1 |aHS28-23/2005F-PDF |
| 110 | 1 |aCanada.|bRessources humaines et Développement des compétences Canada. |bPolitique stratégique et planification. |
| 245 | 10|aPerspectives du marché du travail canadien pour la prochaine décennie, 2004-2013 : |h[ressource électronique]|brapport final / |cpar : Louis-Philippe Bergeron, Kevin Dunn, Mario Lapointe, Wayne Roth, Nicolas Tremblay-Côté. |
| 260 | |aOttawa - Ontario : |bRessources humaines et Développement des compétences Canada. |cOctobre 2004. |
| 300 | |a72p.|bgraphiques, tableaux |
| 590 | |a14-17-Supp|b2014-10-09 |
| 691 | 07|aMarché du travail|2gcpds |
| 775 | 08|tLooking ahead - a 10-year outlook for the Canadian labour market (2004-2013) : |w(CaOODSP)9.687436 |
| 856 | 40|ahttp://publications.gc.ca|qPDF|s718 Ko|uhttps://publications.gc.ca/collections/collection_2014/rhdcc-hrsdc/HS28-23-2005-fra.pdf |
| 986 | |aSP-615-10-04F |